000 00340nam a2200121Ia 4500
008 240731s9999 xx 000 0 und d
022 _a1884-9970
245 0 _aSICE Journal of Control, Measurement, and System Integration
260 _bTaylor & Francis
856 _uhttps://www.tandfonline.com/loi/tmsi20
942 _2ddc
942 _cTFEJ
999 _c79289
_d79289
945 _a1
_bMadushi Gamage
_c1
_dMadushi Gamage